000 00355nam a2200145Ia 4500
008 151213s9999 xx 000 0 und d
100 _aA. M .Rugman
245 _aInternational Business
_cA. M .Rugman
260 _aLondon
_bMc Graw Hill
_c1995
300 _a2706 p.
650 _aBusiness
650 _aBusiness
700 _aA. M .Rugman
999 _c1817
_d1817